000 00578nam a2200193Ia 4500
005 20250508153957.0
008 008 250505s9999 xx 000 0 eng d
037 _aTextual
040 _aFEDL
_beng
_cFEDL
041 _aeng
_2eng
084 _a320.158, ROM
_qFEDL
100 _aRomulo Carlos P.
_9119350
245 0 _aContemporary nationalism and the world order
245 0 _cIndian Council for Cultural Relations
260 _aBombay, India
_bAsia Publishing House
_c1964
300 _a92p.
942 _cTEXL
_h320.158, ROM
999 _c1346758
_d1346758